[Event "RUS-ch51"]
[Site "St Petersburg"]
[Date "1998.08.01"]
[Round "5"]
[White "Poluljahov, Aleksandr"]
[Black "Tiviakov, Sergei"]
[Result "0-1"]
[WhiteElo "2530"]
[BlackElo "2655"]
[Annotator "Tiviakov,S"]
[PlyCount "74"]
[EventDate "1998.07.28"]
[EventType "swiss"]
[EventRounds "11"]
[EventCountry "RUS"]
[SourceTitle "CBM 067"]
[Source "ChessBase"]
[SourceDate "1998.11.30"]
[SourceVersion "2"]
[SourceVersionDate "1998.11.01"]
[SourceQuality "1"]

1. Nf3 {Tisdall} Nf6 2. c4 b6 3. g3 Bb7 4. Bg2 e6 5. O-O Be7 6. d4 O-O 7. Re1
Na6 $1 8. Nc3 Ne4 9. Nxe4 (9. Bd2 d5 10. cxd5 exd5 $11 {1/2-1/2 Barsov,
Alexei-Ligterink,Gert/Hoogeveen (Netherlands) 1997 (28)}) 9... Bxe4 10. Qa4 (
10. Ne5 Bxg2 11. Kxg2 Qc8 $5 12. e4 Qb7 $11 13. Nxd7 (13. Qa4 {- 10.Qa4 Qc8 11.
Ne5 Bg2 12.Kg2 Qb7 13.e4}) 13... Rfd8 14. Ne5 Bf6 15. Bf4 Bxe5 16. Bxe5 f6 17.
Bf4 e5 18. Bd2 Rxd4 $15 {0-1 Bator,Robert-Stefansson,Hannes/Mariehamn (Sweden)
1997 (55)}) (10. Nh4 $5 Bxg2 11. Nxg2 d5 $140 12. Qa4) 10... Qc8 11. Ne5 Bxg2
12. Kxg2 c5 $1 $146 {'N!?' Tisdall.} (12... Qb7+ 13. e4 c6 $11 {1-0 Piket,
Jeroen-Renet,Olivier/Moscow (Russia) 1994 (44)}) 13. d5 $6 (13. Be3 $142 Qb7+
$5 (13... d6 $5 14. Nc6 $140 Bf6) 14. Nf3 $5 cxd4 (14... d6) (14... Rac8) 15.
Bxd4 $11) (13. Qxd7 Qxd7 14. Nxd7 Rfd8 15. Ne5 Rac8 $1 (15... Bf6 16. Ng4 Bxd4
17. e3 h5 $5 (17... Bf6 18. Nxf6+ gxf6 $11) 18. exd4 hxg4 19. dxc5 Nxc5 20. Be3
$11) (15... cxd4 16. Nc6 Rd7 17. Nxe7+ (17. Bf4 $5) 17... Rxe7 $11) (15... Rxd4
16. Nc6 Rd7 17. Nxe7+ Rxe7 $11) (15... Nb4 {Tisdall} 16. Rd1 Nc2 17. Rb1 $11)
16. e3 (16. dxc5 Rxc5 $15 17. Bf4 $140 $2 g5) 16... cxd4 17. exd4 Rxd4 $15 (
17... Nb4 $5)) (13. Nxd7 Rd8 14. Ne5 cxd4 (14... Rxd4 15. Nc6 Rd7 16. Nxe7+
Rxe7 $11) 15. Nc6 Rd7 16. Nxe7+ Rxe7 $15) 13... exd5 14. cxd5 Nb4 $1 15. Rd1 $1
(15. Nxd7 $6 Rd8 (15... b5 {Tisdall} 16. Qxb5 Rd8 17. Ne5 Nc2 $17) 16. Ne5 Rxd5
$32 (16... b5 17. Qb3 Rxd5 $36)) (15. e4 b5 $1 (15... f6 $5) (15... Bd6 $5) (
15... d6 16. a3 $5 (16. Nf3 $15 {><d3}) 16... b5 $5 (16... dxe5 17. axb4 cxb4 (
17... f5 $5 18. bxc5 Bxc5 19. Be3 f4 20. Bxc5 f3+ 21. Kh1 Qh3 22. Rg1 bxc5 $13)
18. Be3 $44 {o^d5}) 17. Qxb5 (17. Qb3 dxe5 18. axb4 cxb4 $15) 17... Nc2 18. Nc6
Bf6 $15) 16. Qd1 (16. Qxb5 Nc2) (16. Qb3 c4) 16... d6 $15) (15. Qxd7 $2 Qxd7
16. Nxd7 Rfd8 17. Ne5 Rxd5 $19 {/\Nc2}) (15. Qd1 d6 16. a3 (16. Nf3 Qb7 17. e4
f5 $1 $17 {ה, ><d5}) 16... dxe5 (16... Nxd5 17. Qxd5 (17. Nxf7 Qe6 (17... Qc6
18. e4 $8 Nf6 (18... Rxf7 19. exd5 $13) 19. Ng5 $8 d5 $5 (19... h6 20. Ne6 Rf7
(20... Nxe4 21. Nxf8) 21. Nf4 $1 $13 (21. f3 d5 $36) 21... Nxe4 $140 $2 22. Qd5
$1 (22. Qf3 d5 23. Nxd5 $11) 22... Qxd5 23. Nxd5 Rxf2+ 24. Kg1 $16 {פe4, ץe7}
) 20. e5 d4+ 21. Kg1 Nd5 22. Qd3 $13) (17... Qb7 18. e4 $8 Rxf7 19. Qxd5 (19.
exd5 {(><d5)} Raf8 {/\Rf5}) 19... Qxd5 20. exd5 {- 17...Qe6 18.e4 Rf7 19.Qd5
Qd5 20.ed}) (17... Qf5 18. e4 $8 Qxf7 19. Qxd5 $8 Qxd5 20. exd5 Bf6 $15 {_|_})
18. e4 $8 (18. Ng5 $2 Bxg5 19. Bxg5 Qf5) 18... Rxf7 (18... Qxf7 {- 17...Qf5 18.
e4 Qf7}) 19. Qxd5 (19. exd5 Qf5 $36 {><d5}) 19... Qxd5 20. exd5 Bf6 $15 {_|_})
17... dxe5 18. Qxe5 Bf6 $32) 17. axb4 cxb4 $15) (15. Qb3 d6 16. Nf3 $15 (16. a3
dxe5 (16... Nxd5 17. Qxd5 $8 {- 15.Qd1 d6 16.a3 Nd5 17.Qd5} (17. Nxf7 $4 Qe6
$19 {/\Nf4})) 17. axb4 cxb4 $15) (16. Nd3 Nxd3 17. Qxd3 (17. exd3 {><o/od3, d5}
) 17... c4 $15 {/\Bf6})) 15... d6 16. Nf3 (16. a3 $2 Nxd5 (16... b5 $2 17. Qxb5
Nc2 18. Nc6) (16... dxe5 $6 17. axb4 cxb4 $140 18. d6 {o^d6}) 17. Rxd5 (17. Nc6
$2 Qe6 $8 18. Nxe7+ (18. Qb3 Nf4+ $19) (18. Rxd5 Qxd5+ 19. e4 Qe6 $19) (18. Qc4
Ne3+ $19) 18... Nxe7 $19 {>}) (17. Nxf7 Qf5 $1 18. Qb3 Rxf7 19. Qxd5 Qxf2+ $17)
17... dxe5 18. Rxe5 Bf6 $17) (16. Nc6 {Tisdall} Nxc6 17. dxc6 Qc7 {[%csl Rc6]})
16... Qb7 $5 (16... Qf5 $2 17. a3 b5 $8 (17... Nc2 18. e4 $18) (17... Nxd5 18.
e4 $18) (17... Qc2 18. axb4 $18) 18. Qxb5 (18. Qb3 Qc2 $1 $13) 18... Nc2 (18...
Nxd5 19. Qb7 $18) 19. Ra2 $16) 17. a3 (17. e4 b5 18. Qb3 a5 $5 $15 {|^<< /\c4,
Nd3}) 17... b5 (17... Nxd5 $4 18. Qe4 $18) 18. Qb3 Na6 $8 {[/\c5, Nc4]} 19. Qc2
$5 (19. Bg5 Rfe8 (19... c4 20. Qc2 {- 19.Qc2 c4 20.Bg5}) (19... Bxg5 $5 20.
Nxg5 Rfe8) 20. Bxe7 Rxe7 $15) (19. a4 {Tisdall} Nb4 20. Bf4 a5 21. axb5 Qxb5
22. e4 {looks like a more active continuation for white than the game, but
black still has very comfortable play after} Rfe8 (22... f5 $2 23. e5 c4 24.
Qa4 $16) 23. e5 $5 a4 24. Qc3 Rad8 {[%csl Rd5]}) 19... Rfe8 (19... c4 $5 {
(/\Nc5)} 20. Bg5 $1 (20. a4 Nb4 $17) 20... Bxg5 (20... Nc5 21. Bxe7 Qxe7 22.
Nd4 $132) 21. Nxg5 g6 22. a4 $1 $132 (22. Ne4 Qe7 {/\Rfe8} (22... f5 $5 23.
Nxd6 $140 $2 Qb6 $19))) 20. Bf4 $6 (20. Bg5 Bf8 21. Bf4 h6 $15 {/\c4, Nc5} (
21... c4 $2 22. Ng5 g6 23. Ne4)) (20. Ng5 g6 $15 (20... Bxg5 $5 21. Bxg5 c4 {
/\Nc5} (21... Re5 $2 22. Bf4 Rxd5 23. Qe4 Nc7 $8 24. Bxd6))) (20. b3 $142 $5 {
/\Bb2}) ({It looks more natural to bolster the sensitive d-pawn, even if this
risks an intrusion on d3:} 20. e4 {Tisdall} Bf6 $1 (20... c4 21. a4 $5 Nb4 22.
Qc3 a5 23. axb5 Qxb5 24. Nd4 Qc5 25. Be3 Bf6 26. f3 {and white has
consolidated his position since} Nd3 {is met by} 27. b3) 21. Be3 (21. Bf4 Qd7
$5 (21... Qe7 $5)) 21... Qe7 22. Nd2 c4 $5 {and black's position is more
active.}) 20... c4 $1 21. a4 $6 (21. e4 Nc5 22. Nd4 Nd3 23. Rxd3 cxd3 24. Qxd3
$15) (21. b4 cxb3 22. Qxb3 Nc5 $15) 21... Nb4 22. Qd2 a5 (22... bxa4 $5 23.
Rxa4 a5) 23. axb5 Qxb5 $17 {[><d5] Tisdall: 'The weakness of d5 prevents white
from improving his position by transferring his N to d4.'} 24. Ra3 (24. e4 Nd3)
(24. Rac1 Bf8 {/\Re4, Rae8}) 24... Bf8 {[/\25...c3, ><e2, ><d5]} (24... Bf6 $6
25. Bxd6 Rad8 (25... c3 26. bxc3 Rxe2 27. cxb4 $1 Rxd2 28. Rxd2 a4 29. Bc5 $44
{o^d5}) 26. Rxa5 $1 Qxa5 27. Bxb4 $13) 25. Be3 (25. Re3 $5 h6 $5 (25... Reb8
26. Ng5 $5 {/\Ne4-c3}) (25... Rxe3 26. Bxe3 h6 $17 {><d5}) 26. Rxe8 Rxe8 $22
$17 {><d5} (26... Rxe8 {Tisdall} 27. h4 a4 $5 {and white has little to do.})) (
25. Nh4 {Tisdall} c3 $1 26. Rxc3 Rxe2 27. Qd4 Rae8 $17) 25... h6 $5 {(.)} (
25... Re4) 26. Kg1 $138 (26. Nh4 Re5 $19) (26. Bf4 c3 $5 $19) (26. Qd4 Nc2 $19)
(26. Nd4 Qxd5+) (26. Rda1 Qxd5 27. Qxd5 Nxd5 28. Rxa5 Rxa5 29. Rxa5 Nxe3+ 30.
fxe3 Rxe3 $19) 26... Re4 27. Kf1 (27. Rda1 Qxd5 $5 28. Qxd5 Nxd5 29. Rxa5 Rxa5
30. Rxa5 Nxe3 31. fxe3 Rxe3 $19) 27... Rae8 28. Kg2 (28. Rda1 Nxd5 29. Rxa5
Nxe3+ $19) 28... Be7 {[/\Bd8-b6, <->e, ><e2]} 29. Kg1 Bf6 $5 (29... Bd8) 30. h4
Bd8 31. Kg2 Kh7 $19 {[/\Bb6] Tisdall: 'Ruling out any funny business on h6 and
so preparing Bb6.'} (31... Bb6 $2 32. Bxh6 $1 gxh6 (32... Rxe2 $4 33. Qg5 Rxf2+
34. Kh1 g6 35. Qf6) 33. Qxh6 $13) 32. Nd4 {Tisdall: 'It was probably better to
continue doing nothing:'} (32. Kg1 Bb6 33. Bxb6 Rxe2 34. Qd4 (34. Rxa5 Qxb6 $19
) (34. Qf4 {Tisdall} Qxb6 35. Nd4 R2e7 {keeps black a pawn up with full
control.} (35... R2e4 {is messier, but perhaps even better:} 36. Qxf7 (36. Qf5+
Kg8) 36... Rxd4 37. Rxd4 Re1+ 38. Kg2 Qxd4 39. Qf5+ g6 40. Qd7+ Qg7 41. Qxd6
Nd3 42. Rxa5 Re2 {and black breaks through before white mounts real threats.}))
(34. Qxe2 Rxe2 35. Nd4 Qxb6 36. Nxe2 Nd3) 34... Nc2 $19 (34... Nc2 35. Rxa5
Nxd4 36. Rxb5 Nxb5)) (32. Kf1 Bb6 33. Bxb6 Rxe2 34. Qxe2 (34. Rxa5 Qxb6 $19) (
34. Qd4 {Tisdall} Nc2 $19) 34... Rxe2 35. Kxe2 (35. Nd4 Qxb6 (35... Rxf2+ 36.
Kxf2 Qxb6 $19) 36. Nxe2 (36. Kxe2 Nd3 $19) 36... Nd3) 35... c3+ $19) 32... Qxd5
33. f3 R4e7 34. Bf2 (34. Bf4 Nd3 $5 $19) 34... Qe5 $5 35. g4 $6 (35. e4 $142 {
(/\Nf5)} g6 $5 (35... Nd3 $2 36. Nc6) (35... Rb7 $6 36. Nf5 {/\Nd6, /\Bd4}) (
35... Bb6 $5 36. Nf5 (36. Nc6 Nxc6 37. Bxb6 Rb7 38. Bd4 $8 Nxd4 39. Qxd4 Rxb2+
$19) 36... Bxf2 37. Qxf2 (37. Kxf2 Rb7 $19 {/\Nd3}) (37. Nxe7 Qxg3+ 38. Kf1
Qg1+ 39. Ke2 Qg2 $19) 37... Rd7 38. Qd4 Qxd4 39. Nxd4 d5 $19) 36. Be3 (36. g4
Bb6 $19) 36... Bb6 {(/\Nd3)} 37. Bf4 $2 (37. Nc6 $2 Bxe3 $19) 37... Qxd4 38.
Qxd4 Bxd4 39. Rxd4 Nc2) 35... Bb6 36. Nf5 $6 (36. e4 Rb7 $5 37. Bg3 (37. Nf5
Bxf2 38. Qxf2 Nd3 $19) 37... Qxd4 38. Qxd4 Bxd4 39. Rxd4 Nc2 $19) (36. Re3 Qxd4
37. Qxd4 Bxd4 38. Rxe7 Rxe7 39. Rxd4 Rxe2 $19) 36... Bxf2 37. Kxf2 (37. Nxe7
Qg3+ 38. Kf1 (38. Kh1 Qh3#) 38... Qg1#) 37... Qh2+ 0-1

[Event "PCA-Wch Candidates m1"]
[Site "New York"]
[Date "1994.??.??"]
[Round "4"]
[White "Adams, Michael"]
[Black "Tiviakov, Sergei"]
[Result "0-1"]
[WhiteElo "2660"]
[BlackElo "2630"]
[Annotator "Tiviakov,S"]
[PlyCount "87"]
[EventDate "1994.06.??"]
[EventType "match"]
[EventRounds "8"]
[EventCountry "USA"]
[SourceTitle "CBM 042"]
[Source "ChessBase"]
[SourceDate "1994.10.01"]
[SourceVersion "1"]
[SourceVersionDate "1994.10.01"]
[SourceQuality "1"]

1. d4 {Dautov} Nf6 2. Nf3 e6 3. c4 b6 4. g3 Bb7 5. Bg2 Be7 6. Nc3 O-O 7. O-O
Ne4 8. Bd2 f5 9. d5 Bf6 10. Qc2 (10. Rc1) 10... Bxc3 11. Bxc3 exd5 12. cxd5
Bxd5 13. Rfd1 (13. Be5 $5 {Antonsen-Rozentalis/Lichtenstein/1990/}) (13. Be5 $1
{Dautov >=} d6 14. Bf4 Qe7 (14... Nc5 15. b4 Be4 16. Qd2 Ne6 17. Ng5 Nxg5 18.
Bxe4 $14) 15. Rad1 Bb7 16. Nd4 g6 (16... g5 $5 $13) 17. f3 Nf6 18. Rfe1 Nh5 19.
Bh6 Rf7 20. e4 $44 {Hulak-Naumkin/Palma de Malllorca/1989}) 13... c6 (13... Bb7
14. b3 (14. Be1 $5 {/\ Rac1, Nd4}) (14. Nd4 {Dautov} Qe7 15. Nb5 d5 16. Qb3 Kh8
17. Rac1 c6 18. Bb4 c5 19. Be1 Na6 20. e3 Nc7 $17 {Shvidler-Levitt/Tel Aviv/
1989}) 14... Qe7 15. Be5 Na6 16. Rac1 {Parma,B-Bukic/Skopje/1968/}) 14. Bb4 d6
(14... Rf7 15. Nh4 $5 (15. Ne5 {Dautov} Rf6 16. f3 Ng5 17. Bc3 $44 (17. e4 fxe4
18. fxe4 Be6 19. Bc3 Nh3+ 20. Bxh3 Bxh3 21. Nd3 Rf8 22. Nf4 Bg4 23. Rd6 $44)))
(14... Re8 $5 {Dautov} 15. Nh4 Na6 16. Ba3 Qg5 $15) 15. Nh4 Na6 (15... Qg5 $2
16. Bxd6 Nxd6 17. Rxd5 cxd5 18. Bxd5+ Kh8 19. Bxa8 $16) (15... g6 $6 {/^ a1-h8}
) 16. Ba3 Qg5 $1 (16... Qf6 $2 {Dautov} 17. f3 Ng5 18. e4 fxe4 19. fxe4 Be6 20.
Bxd6 $16) 17. Bxe4 (17. f3 $2 Qe3+) 17... fxe4 18. Bxd6 Rf7 19. Ng2 Qf6 20. Bf4
g5 (20... Nc5 21. Qc3 Qe7 22. Qe5 $10) 21. Be3 Nc7 22. Qc3 Qf5 (22... Qxc3 {
Dautov} 23. bxc3 h6 24. h4 Ne6 25. a4 $10) 23. a4 (23. b4) 23... Ne6 24. b4 (
24. a5 b5 $15) 24... Raf8 (24... h5 25. h4 $1) 25. b5 (25. Rd2 h5 26. h4 Qh3 $1
27. hxg5 Rxf2 28. Bxf2 e3 $19) 25... cxb5 (25... c5 26. g4 Qxg4 27. Rxd5 Rxf2 (
27... Qxe2 {Dautov} 28. Qe5 Qg4 29. Qg3 $18) 28. Bxf2 Nf4 29. Rxg5+ (29. Qg3
Nxe2+) 29... Qxg5 30. Qc4+ Kh8 (30... Rf7 31. Bg3 Nh3+ 32. Kh1 $18) 31. Bg3 (
31. Qxe4 $2 Nh3+) (31. Qc3+ Rf6) 31... Nh3+ 32. Kh1 Qf6 33. Qc1 $1 $18 (33. Rd1
$2 Qf1+ $1)) 26. axb5 (26. g4 Qxg4 27. Rxd5 Rxf2 28. Bxf2 Nf4 29. Rxg5+ Qxg5
30. Qb3+ Rf7 31. Bg3 Nxe2+ $44 (31... Nxe2+ {Dautov} 32. Kh1 Qf6 33. Rd1 bxa4
$15)) 26... Rc7 27. Qb2 Bc4 28. Rd6 (28. Rab1) 28... Re8 29. Rb1 Rg7 {/\ Nf4}
30. Rc6 Bd5 31. Rd6 Bc4 32. Rc6 Bd5 33. Rd6 Bc4 34. Bxb6 $2 (34. Rc6 $10 {
Dautov}) 34... Nf4 $1 (34... axb6 35. Ne3 Qc5 (35... Qh3 36. Nxc4 Nf4 37. Ne3)
36. Rc6 Qxb5 37. Rxc4 (37. Qxb5 $2 Bxb5 38. Rxb5 Nd4)) (34... Qf8 {Dautov} 35.
Rc6 Bd5 36. Bd4 Nxd4 37. Qxd4 Bxc6 38. bxc6 h6 39. Ne3 Rc7 40. Rb7 $44) 35. Be3
(35. gxf4 gxf4 $19 (35... gxf4 {Dautov} 36. Bd4 Qg4 37. Bxg7 f3 38. Kf1 Qxg2+
39. Ke1 e3 40. fxe3 f2+ 41. Kd2 f1=Q 42. Rxf1 Qxe2+ 43. Kc3 Rxe3+ 44. Kb4 Rb3+
45. Qxb3 Bxb3 46. Rc1 Kxg7 47. Kxb3 Qxb5+ 48. Ka3 Qa5+ 49. Kb3 Qb5+ $10)) (35.
Nxf4 gxf4 36. Bd4 f3 (36... e3 $1 {Dautov} 37. Rf1 Rg6 38. Rxg6+ Qxg6 $44 39.
Bxa7 exf2+ 40. Rxf2 fxg3 41. hxg3 Qxg3+ 42. Rg2 Qxg2+ 43. Kxg2 Rxe2+ $10) (
36... f3 37. Qc2 $1 Bxe2 38. Qb3+ (38. Bxg7 $2 Qh3 39. Qa2+ Kxg7 40. Qxa7+ Kg8
41. Qa2+ Kg7 42. Qb2+ $10) 38... Rf7 39. Rf6 (39. Rd5 $5 Qg4 40. Be3 $40) 39...
Qd7 40. Rxf7 Qxf7 41. Qxf7+ Kxf7 42. Bxa7 $16)) (35. Ne3 Nh3+ $19) (35. Bd4
Nh3+ 36. Kh1 (36. Kf1 e3 $1) 36... Nxf2+ 37. Bxf2 Qxf2 $19) 35... Nxe2+ (35...
Nh3+ 36. Kf1) 36. Kh1 Bd3 37. Ra1 Qxb5 38. Qxb5 Bxb5 39. Rxa7 $2 (39. Rd5 a6
40. Rxg5 Rxg5 41. Bxg5 $15) (39. Bxa7 {Dautov} Ra8 40. Bd4 Rxa1+ 41. Bxa1 Rc7
42. Rd1 $10) 39... Rxa7 40. Bxa7 Ra8 41. Rd5 Rxa7 42. Rxg5+ Kf7 43. Ne3 (43.
Rxb5 Ra1+ (43... Ra1+ {Dautov} 44. Ne1 Rxe1+ 45. Kg2 Nd4 46. Rb7+ Kg6 47. Rb6+
Kg5 $19)) 43... Ra1+ 44. Kg2 (44. Kg2 {Dautov} Rg1+ 45. Kh3 Bd7+ 46. g4 Nf4+
47. Kh4 Ng6+ 48. Kh3 h5 $19) 0-1

[Event "Poikovsky Karpov 19th"]
[Site "Poikovsky"]
[Date "2018.05.27"]
[Round "1"]
[White "Vidit, Santosh Gujrathi"]
[Black "Bologan, Viktor"]
[Result "1-0"]
[WhiteElo "2707"]
[BlackElo "2610"]
[Annotator "Vidit,S"]
[PlyCount "59"]
[EventDate "2018.05.27"]
[EventType "tourn"]
[EventRounds "9"]
[EventCountry "RUS"]
[EventCategory "18"]
[SourceTitle "CBM 185"]
[Source "ChessBase"]
[SourceDate "2018.07.13"]
[SourceVersion "1"]
[SourceVersionDate "2018.07.13"]
[SourceQuality "1"]

{Fun fact. This was the 19th edition of Karpov Poikovsky Tournament and
Bologan was participating for the 18th time! I don't know any other player who
has participated in the same tournament for so many years. Local people must
really love him there!} 1. d4 Nf6 2. c4 e6 3. Nf3 b6 4. g3 Bb7 5. Bg2 Be7 6.
O-O O-O 7. Re1 Na6 (7... d6 {I was once lucky enough to trap a fellow GM in
this line.} 8. Nc3 Ne4 9. Ng5 $1 Nxc3 10. Qc2 $1 $16 {The entire point of Re1
is to protect against ...Nxe2+ in this position.}) 8. Nc3 Ne4 9. Bf4 {On the
advice of my coach, I took the decision to play this line at the very last
moment. Experience does bring a lot of wisdom!} Nxc3 10. bxc3 Nb8 (10... Be4 {
is the most popular move}) 11. e4 d6 12. e5 {I felt that White has to act
'fast'. Black doesn't have any long-term weaknesses, so it makes sense to
utilise the temporary initiative quickly.} dxe5 $2 {Horrific. I didn't even
consider this move. After this White has total domination} (12... Nd7 {was
much more normal} 13. d5 dxe5 14. Nxe5 Nxe5 15. Bxe5 exd5 16. cxd5 {with ideas
like Qg4/Qd4 and connecting the rooks. White still has some initiative.}) 13.
Nxe5 Bxg2 14. Kxg2 {The main problem of Black's position is the co-ordination.
It's not so easy to bring the b8-knight into the game.} Bd6 15. Qf3 Nd7 16.
Rad1 {I was tempted with the chance to organise a kingside attack, which could
happen after 16...Bxe5.} (16. Nc6 Qf6 17. Re4 Nb8 18. Ne5 {would be similiar
to the game}) 16... Qe7 {Strange move. Inviting Nc6 with a tempo?} (16... Bxe5
17. dxe5 Qc8 (17... Qe8 18. Rd4) 18. Rd4 {with ideas of Bg5-Rg4/Rh4.}) 17. Nc6
Qf6 18. Re4 Kh8 (18... g5 {falls to a cute tactic} 19. Bxg5 $1 Qxg5 20. Rg4)
19. Qe2 {Not the best. Probably it was better to play h4 and gain more space
on the kingside. Being 'greedy' is not always bad :)} (19. h4 $1 {When the
engine says that the best move is ...a5 or ...a6, It's a sign that something
is wrong with Black's position.}) 19... Qg6 {With idea of ...Nf6.} 20. Bc1 (20.
Be5 {This looked prettier, but I didn't want to allow the liberating move ...
f5:} f5 21. Rh4 $14) 20... Nf6 $2 {Probably the last mistake. In bad positions
the defending side has to walk a very thin line! After this White's pieces
co-ordinate with amazing ease.} (20... Rae8 {Again being persistent with the
ideas of ...f5 was called for.} 21. Re1 {The computer's first line is 21...a6
and 22.h3 h6! If I could, I would rationalise them.}) 21. Rh4 {Ne5 is actually
a very serious threat.} Qf5 22. Rd3 $1 g5 23. Rf3 Qg6 24. Ne5 $1 Qg7 25. Rxf6
$1 {The point of the entire combination.} gxh4 (25... Qxf6 26. Rh5 {It gives a
lot of pleasure when you can play such slow moves after sacrificing an
exchange :)} Rg8 27. Bxg5 $1 {The black king is way too weak.}) 26. Qf3 Bxe5
27. dxe5 hxg3 28. Bh6 Qg8 29. hxg3 Rad8 30. Qf4 {Black is unable to move any
piece! He is helpess against the slow invasion of queen or bishop to f6.} 1-0

[Event "FRA-ch60 Championnat"]
[Site "Clermont Ferrand"]
[Date "1985.08.20"]
[Round "4"]
[White "Bernard, Christophe"]
[Black "Andruet, Gilles"]
[Result "1/2-1/2"]
[WhiteElo "2310"]
[BlackElo "2395"]
[Annotator "Villeneuve,A/Primel,D"]
[PlyCount "63"]
[EventDate "1985.08.17"]
[EventType "swiss"]
[EventRounds "13"]
[EventCountry "FRA"]
[SourceTitle "EXT 2004"]
[Source "ChessBase"]
[SourceDate "2003.11.25"]
[SourceVersion "1"]
[SourceVersionDate "2003.11.25"]
[SourceQuality "1"]

1. Nf3 Nf6 2. g3 b6 3. Bg2 Bb7 4. O-O e6 5. c4 Be7 6. Nc3 O-O 7. d4 Ne4 (7...
d5 $6 {les problèmes de cette structure seront exploités le lendemain par G.
ANDRUET contre R.WEILL} 8. cxd5 $1 {Andruet,G (2390)-Weill,R (2240) FRA-ch
60th Clermont Ferrand  1985 (5.5) 1-0}) 8. Bd2 (8. Qc2 {L'alternative} Nxc3 9.
Qxc3 (9. Ng5 $4 Nxe2+ {[%cal Ge2g1] Avec gain en 10 coups!} 10. Kh1 Bxg2+ {
[%cal Ge7g5,Gg2h1];O'Sullivan,B-Rossolimo,N Hilversum zt (7) 0-1})) (8. Nxe4
Bxe4 9. Ne1 (9. Nh4 $143 f5 $1 {[%csl Rh4][%cal Ge7h4]}) 9... Bxg2 10. Nxg2 d5
11. Qa4 {[%csl Rc6] Sur un jeu précis, les noirs égalisent assez vite et cette
varainte 8.Ne4 a disparu de la pratique du haut niveau sauf lorsque les blancs
se contentent de la nulle rapide.}) 8... Bf6 (8... f5 {[%cal Ge7f6] Cette idée
de STAHLBERG est plus ambitieuse mais aussi plus risquée}) 9. Rc1 (9. Qc2 $5 {
[%cal Gc2e4]} Nxd2 10. Qxd2 d6 11. d5 (11. Rad1 $1 {plusieurs alternatives
sont possibles mais Rad1 semble le plus souple.} Nd7 12. e4 g6 13. Rfe1 Bg7 14.
b3 Qe7 15. Nh4 $14 {[%cal Gg2b7]}) (11. e4 $5 {[%csl Rb7,Rg2] Les deux B de
cases blanches sont autant gênés l'un que l'autre par le Pe4}) 11... Bxc3 12.
Qxc3 exd5 13. Nh4 {[%cal Gg2b7]} d4 $1 14. Qxd4 Bxg2 15. Nxg2 Nc6 $11) 9...
Nxd2 (9... c5 10. d5 {[%csl Rb7]} exd5 11. cxd5 Nxd2 12. Nxd2 $14 {[%csl Rd6]
[%cal Gd2e4];Kasparov,G (2595)-Ligterink,G (2455) Malta ol (Men) 1980 (6) 1-0
On voit l'intérêt de ne pas pousser e2e4 trop tôt car la case "e4" peut-être
accessible dans cette position а un N blanc.}) 10. Qxd2 d6 11. h4 $6 $146 {
[%csl Rd2] Cette idée serait plus logique avec une Q blanche en "c2" pour
menacer mat alors que dans la partie, "h4" semble assez peu dangereux.} (11. d5
$142 {[%csl Rb7,Re6][%cal Gf3d4,Gg2b7];Pinter,J (2550)-Ribli,Z (2585) HUN-ch
Budapest 1981 1-0}) 11... Nd7 12. Ng5 $6 Bxg2 $11 13. Kxg2 h6 14. Nf3 {Les
blancs n'ont rien obtenu avec h4 et Ng5} (14. Nge4 Be7) 14... Qe7 15. e4 c5 16.
Rfe1 Rfd8 17. Rcd1 Rac8 18. b3 a6 19. Qe3 cxd4 20. Nxd4 Nb8 $1 21. Rd2 Qc7 $1 {
[%cal Gb6b5,Rc7c3]} 22. Nce2 Qb7 23. Red1 b5 $132 {le ressort du hérisson se
détend et les noirs prennent l'initiative.} 24. cxb5 axb5 25. Qf3 {[%cal Ge4e5,
Gf3b7]} Nd7 $1 $15 {[%cal Gd7e5]} 26. e5 $6 Qxf3+ 27. Nxf3 Bxe5 28. Nxe5 Nxe5
29. f4 (29. Rxd6 $143 Rxd6 30. Rxd6 Rc2 {[%csl Gc2][%cal Gc2a2,Gc2g2]}) 29...
Ng4 30. Kf3 Nh2+ 31. Kg2 Ng4 32. Kf3 1/2-1/2